U2 - All Songs (1980-2017) - Statistics

General Stats
  • This quiz has been taken 498 times
  • The average score is 65 of 184
Answer Stats
% Correct
One
87%
With or Without You
86%
I Still Haven't Found What I'm Looking For
84%
Sunday Bloody Sunday
84%
Where the Streets Have No Name
84%
Beautiful Day
78%
Pride (In the Name of Love)
77%
Pride (In The Name Of Love)
77%
New Year's Day
75%
Vertigo
73%
The Unforgettable Fire
72%
Zooropa
71%
October
68%
October (1982) I Will Follow
66%
Bullet the Blue Sky
65%
Bullet The Blue Sky
65%
Desire
65%
Mysterious Ways
65%
The Fly
63%
Songs of Experience (2017) Gloria
62%
Bad
61%
All I Want Is You
60%
Lemon
59%
Elevation
58%
Zoo Station
56%
Even Better Than the Real Thing
55%
Who's Gonna Ride Your Wild Horses
55%
Angel Of Harlem
54%
Red Hill Mining Town
54%
Stuck in a Moment You Can't Get Out Of
54%
City Of Blinding Lights
53%
No Line On The Horizon
53%
In God's Country
52%
MLK
52%
Numb
52%
One Tree Hill
51%
Running to Stand Still
51%
Walk On
51%
40
50%
Discothèque
50%
Ultra Violet (Light My Way)
49%
Mothers of the Disappeared
48%
Until the End of the World
48%
Helter Skelter
46%
Stay (Faraway, So Close!)
46%
When Love Comes To Town
46%
Kite
45%
Love Is Blindness
45%
Magnificent
45%
Staring at the Sun
45%
Sometimes You Can't Make it On Your Own
44%
Acrobat
43%
A Sort of Homecoming
43%
How To Dismantle an Atomic Bomb (2004) The Electric Co
42%
Every Breaking Wave
41%
Get On Your Boots
41%
Exit
40%
Two Hearts Beat as One
40%
The Unforgettable Fire (1984) An Cat Dubh
39%
New York
39%
Rattle and Hum (1988) Out of Control
39%
So Cruel
39%
The Miracle (of Joey Ramone)
39%
Van Diemen's Land
39%
Trip Through Your Wires
38%
Wire
38%
Daddy's Gonna Pay For Your Crashed Car
37%
The Wanderer
37%
Mofo
36%
Seconds
36%
Elvis Presley and America
35%
Miracle Drug
35%
Wild Honey
35%
Babyface
34%
Iris (Hold Me Close)
34%
Achtung Baby (1991) Stories for Boys
34%
4th of July
33%
All Along The Watchtower
33%
California (There is no End to Love)
33%
God Part II
33%
Raised By Wolves
33%
Song for Someone
33%
Tryin' to Throw Your Arms Around the World
33%
Yahweh
33%
I Threw a Brick Through a Window
32%
Miami
32%
Please
32%
Surrender
32%
War (1983) Twilight
32%
Wake Up Dead Man
32%
Gone
31%
Last Night on Earth
31%
Original Of The Species
31%
Grace
30%
Heartland
30%
I'll Go Crazy If I Don't Go Crazy Tonight
30%
In a Little While
30%
Moment of Surrender
30%
Volcano
30%
All Because Of You
29%
Cedars Of Lebanon
29%
Cedarwood Road
29%
Dirty Day
29%
If God Will Send His Angels
29%
If You Wear That Velvet Dress
29%
Red Light
29%
No Line on the Horizon (2009) Shadows and Tall Trees
29%
The Playboy Mansion
29%
The Refugee
29%
Do You Feel Loved
28%
Fire
28%
Get Out of Your Own Way
28%
Hawkmoon 269
28%
Peace on Earth
28%
Promenade
28%
Zooropa (1993) The Ocean
28%
American Soul
27%
Indian Summer Sky
27%
Tomorrow
27%
When I Look at the World
27%
You’re The Best Thing About Me
27%
13 (There is a Light)
26%
The Joshua Tree (1987) Into the Heart
26%
Unknown Caller
26%
Pop (1997) A Day Without Me
25%
Freedom For My People
25%
Some Days Are Better Than Others
25%
Stand Up Comedy
25%
The Star Spangled Banner
25%
With a Shout (Jerusalem)
25%
Breathe
24%
Fez -- Being Born
24%
Love Is All We Have Left
24%
Rejoice
24%
Scarlet
24%
Sleep Like a Baby Tonight
24%
Sleep Like A Baby Tonight (Alternative Perspective Mix by Tchad Blake)
24%
The First Time
24%
White As Snow
24%
A Man and A Woman
23%
Crumbs From Your Table
23%
Drowning Man
23%
Fast Cars
23%
I Fall Down
23%
Landlady
23%
Love And Peace Or Else
23%
Love Rescue Me
23%
Summer of Love
23%
The Ground Beneath Her Feet (UK only)
23%
The Troubles
23%
The Troubles (Alternative Version)
23%
All That You Can't Leave Behind (2000) Another Time, Another Place
22%
Is That All?
22%
Like a Song...
22%
One Step Closer
22%
Red Flag Day
21%
The Blackout
21%
Lights of Home
20%
Love Is Bigger Than Anything in Its Way
20%
Stranger in a Strange Land
19%
This is Where You Can Reach Me Now
18%
The Showman (Little More Better)
17%
Silver & Gold
16%
The Crystal Ballroom
16%
The Little Things That Give You Away
16%
Lucifer’s Hands
14%
Acoustic Sessions
11%
Disappearing Act
8%
Yoshino Blossom
8%
Achtung Baby (1991)
0%
All That You Can’t Leave Behind (2000)
0%
Boy (1980) Boy (1980)
0%
How To Dismantle an Atomic Bomb (2004)
0%
No Line on the Horizon (2009)
0%
Songs of Innocence (2014) October (1982)
0%
Pop (1997)
0%
Rattle and Hum (1988)
0%
Songs of Experience (2017)
0%
Songs of Innocence (2014)
0%
The Joshua Tree (1987)
0%
The Unforgettable Fire (1984)
0%
War (1983)
0%
Zooropa (1993)
0%
No matching quizzes found
Score Distribution
Percent of People with Each Score
Percentile by Number Answered
Your Score History
You have not taken this quiz